Statistics for Groups of Things - The Bible

Click here to take the quiz!

General Stats

  • This quiz has been taken 31,709 times
  • The average score is 29 of 44

Answer Stats

Group Answer % Correct
Holy TrinityHoly Spirit
97%
Holy TrinityFather
97%
Holy TrinitySon
97%
The Four GospelsJohn
92%
The Four GospelsLuke
90%
The Four GospelsMatthew
89%
The Four GospelsMark
88%
Named Sons of Adam & EveAbel
87%
Named Sons of
Adam & Eve
Cain
87%
Languages the Bible
was Written In
Hebrew
86%
Gifts of the MagiGold
85%
First Three Kings
of Israel
David
82%
Named ArchangelsGabriel
80%
People Who Ascended to HeavenJesus
79%
Sinful Cities Destroyed by GodSodom
78%
Sinful Cities Destroyed by GodGomorrah
77%
Gifts of the MagiFrankincense
77%
Gifts of the MagiMyrrh
74%
Named ArchangelsMichael
72%
Books of the TorahGenesis
72%
First Three Kings
of Israel
Solomon
70%
Bible Books Named
for Women
Ruth
68%
Languages the Bible was Written InGreek
67%
Books of the TorahExodus
67%
Jewish PatriarchsAbraham
66%
Books of the TorahLeviticus
60%
Books of the TorahNumbers
59%
Books of the TorahDeuteronomy
57%
First Three Kings
of Israel
Saul
54%
Languages the Bible was Written InAramaic
52%
Bible Books Named for WomenEsther
52%
Named Sons of Adam & EveSeth
52%
Jewish PatriarchsIsaac
50%
Jewish PatriarchsJacob
49%
Food of John the BaptistWild Honey
46%
Sons of NoahHam
45%
People Who Ascended to HeavenElijah
43%
Food of John the BaptistLocust
41%
Sons of NoahShem
40%
Jews Saved from the FurnaceShadrach
37%
Jews Saved from the FurnaceMeshach
36%
Jews Saved from the FurnaceAbednego
35%
Sons of NoahJapheth
30%
People Who Ascended to HeavenEnoch
24%

Score Distribution

Percentile by Number Answered

Percent of People with Each Score

Your Score History

You have not taken this quiz